Tous les pilotes de F1 (1950) - Statistiques

Statistiques générales
  • Ce quiz a été pris 7 fois
  • Le résultat moyen est 16 sur 80
Statistiques - réponses
Nationalité Pilote % Correct
Italie Giuseppe Farina
100%
Italie Alberto Ascari
83%
Argentine Juan Manuel Fangio
83%
France Maurice Trintignant
33%
États-Unis Bayliss Levrett
17%
États-Unis Bill Cantrell
17%
États-Unis Bill Holland
17%
États-Unis Bill Schindler
17%
Royaume-Uni Bob Gerard
17%
Irlande Brian Shawe-Taylor
17%
États-Unis Cecil Green
17%
France Charles Pozzi
17%
Italie Clemente Biondetti
17%
Italie Consalvo Sanesi
17%
Royaume-Uni Cuth Harrison
17%
Royaume-Uni David Hampshire
17%
Royaume-Uni David Murray
17%
États-Unis Dick Rathmann
17%
Italie Dorino Serafini
17%
États-Unis Duane Carter
17%
États-Unis Duke Dinsmore
17%
France Emmanuel De Graffenried
17%
France Eugène Chaboud
17%
France Eugène Martin
17%
Italie Felice Bonetto
17%
Italie Franco Comotti
17%
Italie Franco Rol
17%
États-Unis Fred Agabashian
17%
États-Unis Gene Hartley
17%
Royaume-Uni Geoff Crossley
17%
États-Unis George Connor
17%
France Guy Mairesse
17%
France Harry Schell
17%
France Henri Louveau
17%
Royaume-Uni Henry Banks
17%
États-Unis Jackie Holmes
17%
États-Unis Jack McGrath
17%
États-Unis Jerry Hoyt
17%
États-Unis Jimmy Davies
17%
États-Unis Jimmy Jackson
17%
États-Unis Jim Rathmann
17%
Royaume-Uni Joe Fry
17%
Irlande Joe Kelly
17%
États-Unis Johnnie Parsons
17%
Royaume-Uni Johnny Claes
17%
États-Unis Johnny McDowell
17%
États-Unis Joie Chitwood
17%
Argentine José Froilàn Gonzàlez
17%
États-Unis Lee Wallard
17%
Royaume-Uni Leslie Johnson
17%
Monaco Louis Chiron
17%
France Louis Rosier
17%
Italie Luigi Fagioli
17%
Italie Luigi Villoresi
17%
États-Unis Mack Helling
17%
États-Unis Mauri Rose
17%
États-Unis Myron Fohr
17%
Italie Nello Pagani
17%
États-Unis Pat Flaherty
17%
États-Unis Paul Russo
17%
Royaume-Uni Peter Walker
17%
Royaume-Uni Peter Whitehead
17%
France Philippe Étancelin
17%
Italie Piero Taruffi
17%
France Pierre Levegh
17%
Thaïlande Prince Bira
17%
France Raymond Sommer
17%
Royaume-Uni Reg Parnell
17%
France Robert Manzon
17%
États-Unis Sam Hanks
17%
États-Unis Spider Webb
17%
Suisse Toni Branca
17%
États-Unis Tony Bettenhausen
17%
Royaume-Uni Tony Rolt
17%
États-Unis Troy Ruttman
17%
États-Unis Walt Ader
17%
États-Unis Walt Brown
17%
États-Unis Walt Faulkner
17%
France Yves Giraud-Cabantous
17%
Allemagne Paul Pietsh
0%
Aucun quiz correspondant
Distribution des résultats
% des personnes avec chaque résultat
Percentile par nombre de réponses
Votre historique - résultats
Vous n’avez pas pris ce quiz